| 000 | 00933nam a22002055i 4500 | ||
|---|---|---|---|
| 001 | 160728 | ||
| 003 | ES-MaACL | ||
| 005 | 20230906212121.0 | ||
| 008 | 041008s1888 fr |||| | fre d | ||
| 040 |
_aCAM _bspa _cCAM |
||
| 100 | 1 |
_aNoguès, Alphonse-François. _9130513 |
|
| 245 | 1 | 3 |
_aLa sismologie terrestre _b: leçon d'ouverture du cours libre de sismologie de la Faculté des Sciences de Paris / _cpar A.-F. Noguès. |
| 260 |
_aParis : _bAdministration des Deux Revues, _c1888 ( _fMaison Quantin) |
||
| 300 |
_a17 p. ; _c23 cm. |
||
| 500 | _aExtrait de la Revue Scientifique. | ||
| 594 | _aTodos los datos tomados de la cub. original. | ||
| 596 | _aImp. tomado de colofón. | ||
| 650 | 4 |
_aSismología. _9136881 |
|
| 852 |
_aES-MaACL _jT-1106-F-4 _z-- Enc. hol. conservando la cub. original _z-- Legado de Federico de Botella y de Hornos _z-- Dedicatoria ms. del autor a Federico de Botella _z-- Enc. en un vol. facticio |
||
| 999 |
_c160728 _d160728 |
||